Music Quiz

Random Music or Artist Quiz

Best-Selling Female Singers Quiz Stats

 Plays Quiz Updated Oct 18, 2018

Score 0/26 Timer 07:00
6 Plays Today
Rank Singer % Correct
8Britney Spears
68.7%
2Madonna
68%
11Taylor Swift
65.7%
3Mariah Carey
58.5%
4Whitney Houston
56.8%
6Shania Twain
46.9%
5Celine Dion
45.5%
19Carrie Underwood
42.8%
14Faith Hill
39.1%
10Adele
38.4%
1Barbra Streisand
38%
16Mary J. Blige
32.3%
13Janet Jackson
28.9%
Rank Singer % Correct
11Enya
21.7%
7Reba McEntire
18.4%
22Amy Grant
16.1%
25Janis Joplin
13.8%
22Norah Jones
12.5%
25LeAnn Rimes
12%
20Jewel
9.1%
16Alanis Morissette
9.1%
22Bonnie Raitt
8.7%
18Toni Braxton
7.9%
15Sade
5.1%
9Linda Ronstadt
4.9%
21Sarah McLachlan
4%

You're not logged in!

Compare scores with friends on all Sporcle quizzes.
OR
Log In

Sporcle TV

Today on Sporcle TV


Watch our educational content, quiz creation guides, and fun videos on Sporcle TV.

Show Comments

Extras

Top Quizzes Today


Score Distribution

Your Account Isn't Verified!

In order to create a playlist on Sporcle, you need to verify the email address you used during registration. Go to your Sporcle Settings to finish the process.

Report this User

Report this user for behavior that violates our Community Guidelines.

Details: